000 00725nam a22002657a 4500
001 130018
003 UA-OsUOA
005 20220406212738.0
007 ta
008 20180402b un ||||| |||| 00| 0 ukr d
040 _aUA-OsUOA
_brus
_cUA-OsUOA
_dUA-OsUOA
041 _arus
080 _a94(470+571)
090 _a94(470+571)
_bК21
100 _aКарамзинъ Н. М.
245 _aИсторія государства Россійскаго
260 _aСПб
_bЕ. Евдокимова
_c1892
300 _a312 с.
505 _gТ. 7
591 _aЛобас П. О.
650 7 _a94 Історія
_2UDC
942 _cRB
_2udc
955 _a2
999 _c417952
_d417952